Statistics for '80s British bands

Click here to take the quiz!

General Stats

  • This quiz has been taken 85 times
  • The average score is 8 of 15

Answer Stats

HintAnswer% Correct
Karma ChameleonCulture Club
88%
RioDuran Duran
86%
Everybody wants to rule the worldTears for Fears
84%
Don't you want meThe Human League
72%
Personal JesusDepeche Mode
70%
Love will tear us apart againJoy Division
64%
Bigmouth strikes againThe Smiths
51%
A forestThe Cure
49%
I will followU2
46%
Ghost TownThe Specials
40%
The Killing MoonEcho and the Bunnymen
37%
Bela Lugosi is deadBauhaus
22%
SubcultureNew Order
19%
Just like honeyJesus and Mary Chain
16%
IsraelSiouxsie and the Banshees
12%

Score Distribution

Percentile by Number Answered

Percent of People with Each Score

Your Score History

You have not taken this quiz